Joaquim Manuel de Macedo (Record no. 155683)

MARC details
000 -LÍDER
campo de controle de tamanho fixo 00317 a2200133 4500
001 - NÚMERO DE CONTROLE
campo de controle 155683
040 ## - FONTE DA CATALOGAÇÃO
Instituição que transcreveu o registro Escola São Tomás de Aquino
100 ## - ENTRADA PRINCIPAL--NOME PESSOAL
Nome pessoal MACEDO, Joaquim Manuel
240 10 - TÍTULO UNIFORME
Título uniforme Joaquim Manuel de Macedo
Idioma da obra por
245 10 - TÍTULO
Título Joaquim Manuel de Macedo
362 0# - DATAS DE PUBLICAÇÃO E/OU DESIGNAÇÃO SEQUENCIAL
Datas de publicação e/ou designação sequencial 1981
697 ## - ENTRADA DE ASSUNTO LOCAL--ENTIDADE COLETIVA (RLIN)
Nome corporativo ou nome da jurisdição GENERALIDADES
942 ## - ELEMENTOS DE ENTRADA ADICIONADOS (KOHA)
Tipo de material Koha Livros
Holdings
Situação do descarte Situação das perdas Situação física Não pode ser emprestado Biblioteca de origem Biblioteca atual Data de aquisição Total de empréstimos Número de chamada completo Código de barras Data de último acesso Data do preço efetivo Tipo de material Koha
        ESTA - SÃO BENTO ESTA - SÃO BENTO 30/04/2024   000 MAC JOA EST00009768 30/04/2024 30/04/2024 Livros